000 00703nam a22002417a 4500
999 _c33725
_d33725
001 3007
003 CO-MdFUSB
005 20180622073127.0
008 180420t1980 xxu||||| |||| 00| 0 eng d
020 _a0-8499-2918-0
040 _aCO-MdFUSB
_bspa
_cCO-MdFUSB
_dCO-MdFUSBC
_erda
041 0 _aeng
082 0 4 _aG 227.94 S812e
100 1 _aStedman, Ray C.
_eautor
245 1 0 _aExpository studies in 1 John
_b : Life by the son
_c / Ray C. Stedman
264 4 _aWaco, TX., USA :
_b Word,
_c©1980
300 _a381 Pag
336 _2rdacontent
_atexto
_btxt
337 _2rdamedia
_asin mediación
_bn
338 _2rdacarrier
_avolumen
_bnc
653 _aSermones bíblicos N.T. - 1Juan
942 _cBK